000
00235nam a2200097Ia 4500
001
703453
005
20250826162352.0
008
250824s9999 xx 000 0 und d
245
0
_a
UZUN HİKAYE
_c
MUSTAFA KUTLU
260
_b
DERGAH YAYINLARI
999
_c
703453
_d
703453